000 00850nam a22002177a 4500
003 0
005 20251014152616.0
008 251014b xxu||||| |||| 00| 0 eng d
020 _a978-1-03-261478-6
050 _aRJ 506.A9
_b.B66 2025
100 _aBonifacino, Nahir,
_eauthor.
245 _aPsychoanalysis and severe disorders in young children :
_bclinical and community work with autism spectrum disorder and child mental health /
_cNahir Bonifacino.
260 _aNew York, NY :
_bRoutledge,
_c2025.
300 _aviii, 159 pages ;
_c24 cm.
504 _aIncludes bibliographical references and index.
650 _aAutism spectrum disorders in children
_xPsychological aspects.
650 _aAutism in children
_xTreatment.
650 _aPsychoanalysis and child development.
650 _aChild mental health
_xTreatment.
942 _2lcc
_cBK
999 _c368238
_d368238